Guess the 1960s song lyrics #105 - Statistics

General Stats
  • This quiz has been taken 11 times
  • The average score is 168 of 222
Answer Stats
Answer % Correct
a
100%
he
100%
him
100%
I
100%
in
100%
love
100%
an
89%
and
89%
And
89%
be
89%
But
89%
by
89%
can't
89%
doesn't
89%
He's
89%
I'm
89%
it's
89%
know
89%
me
89%
my
89%
of
89%
On
89%
that
89%
to
89%
we
89%
when
89%
will
89%
you're
89%
You're
89%
Angel
78%
angel
78%
Cause
78%
even
78%
exist
78%
for
78%
gonna
78%
got
78%
heart
78%
he'll
78%
how
78%
How
78%
just
78%
see
78%
want
78%
dream
67%
Every
67%
I'd
67%
says
67%
time
67%
up
67%
get
56%
Johnny
56%
passes
56%
sit
56%
someday
56%
something
56%
wait
56%
away
44%
begins
44%
call
44%
Call
44%
carried
44%
date
44%
heaven
44%
hello
44%
Other
44%
resist
44%
Shelley Fabares
44%
together
44%
concentrate
33%
fellas
33%
lovely
33%
rather
33%
pray
22%
fly
11%
tingle
11%
No matching quizzes found
Score Distribution
Percent of People with Each Score
Percentile by Number Answered
Your Score History
You have not taken this quiz